01822 2200205 4500001001900000005001500019035001800034007000300052008003900055082000700094084001300101100001500114245015700129250001000286260004600296520123200342600001201574990001501586990001501601INLIS000000000998520260511094022 a0010-03260225ta260511 | | |  a21 a21 FAH t0 aFAHRURRAZI1 aThe Relationship Between Self-Efficacy And Self-Esteem And Academic Achievement of Grade 10 Students At Man Kota Palangkaraya / FAHRURRAZI /cFAHRURRAZI aCet 1 aPalangka Raya :bPerpustakaan UMPR,c2026 aAcademic performance among adolescents in Palangkaraya City is influenced by various internal factors, specifically the psychological constructs of self-efficacy and self-esteem. This study aims to investigate the relationship between self-efficacy, self-esteem, and the academic achievement of students. The research utilizes a quantitative approach with a correlational study design. The sample consists of 183 students from MAN Palangkaraya, selected to represent the student population in the region. Data were collected using Indonesian-adapted versions of the Academy Self-efficacy Scale and the Self-esteem Inventory – Long Form (SEI-LR). To ensure the instruments' cultural and linguistic suitability, a pilot study was conducted to establish reliability and validity within the local context. A Pearson correlation analysis will be conducted to evaluate the linear relationship between these variables. It is hoped that the findings will contribute to a deeper understanding of how self-efficacy and self-esteem impact academic success. The results are intended to provide a guide for developing educational strategies focused on enhancing these psychological traits to improve overall student academic achievements. 4aSKRIPSI a2021023258 a2021023258